000 00362nam a22001457a 4500
020 _a978-81-312-3281-1
082 _a616.0707,O13R
100 _aREGEZI,JOSEPH.A
245 _aORAL PATHOLOGY,CLINICAL PATHOLOGIC CORRELATIONS.
250 _a6TH
260 _aNEW DELHI
_bJAYPEE BROTHERS
_c2013
300 _a407
650 _aORAL PATHOLOGY
942 _2ddc
_cBK
_02
999 _c9857
_d9857